Famous person to country #1 - Statistics

General Stats
  • This quiz has been taken 57 times
  • The average score is 10 of 15
Answer Stats
Person Country % Correct
Donald Trump United States
94%
Nelson Mandela South Africa
92%
Xi Jinping China
88%
Adolf Hitler Austria
86%
Justin Bieber Canada
84%
Lionel Messi Argentina
82%
Angela Merkel Germany
82%
Usain Bolt Jamaica
82%
Genghis Khan Mongolia
80%
Osama Bin Laden Saudi Arabia
59%
Kylie Minogue Australia
49%
Zara Larsson Sweden
45%
Robert Mugabe Zimbabwe
41%
Ramon Castilla Peru
18%
Andy Selva San Marino
8%
No matching quizzes found
Score Distribution
Percent of People with Each Score
Percentile by Number Answered
Your Score History
You have not taken this quiz